| 000 | 00575nam a2200217Ia 4500 | ||
|---|---|---|---|
| 005 | 20250425162832.0 | ||
| 008 | 250425s9999 xx 000 0 und d | ||
| 020 | _a9788490227565 | ||
| 041 | _aspa | ||
| 044 | _asp | ||
| 100 | _aPOLGAR, STEPHEN | ||
| 245 | 0 | _aINTODUCCION A LA INVESTIGACION EN CIENCIAS DE LA SALUD | |
| 250 | _a6A ED. | ||
| 264 |
_aEspaƱa, BARCELONA _bELSEVIER _c2013. |
||
| 300 | _a235 | ||
| 650 | _aINTRODUCCION CUALITATIVA | ||
| 650 | _aINVESTIGACION EN CIENCIAS DE LA SALUD | ||
| 700 | _aSHANE A, THOMAS | ||
| 942 | _c01 | ||
| 010 | _a111216 | ||
| 999 |
_c237399 _d237399 |
||